000
00211nam a2200109Ia 4500
100
_a
MARSDEN
942
_c
BK
245
_a
HOW TO EXECCUTIVES MAKE DECISION
260
_b
#N/A
546
_a
ENGLISH
999
_c
33637
_d
33637